000
00237nam a2200121Ia 4500
100
_a
#N/A
650
_a
Computer/ IT
942
_c
BK
654
_a
programming
245
_a
Rich Client Programming
260
_b
#N/A
546
_a
ENGLISH
999
_c
33904
_d
33904